000 00381nam a2200169Ia 4500
001 3135
005 20260306144858.0
008 260306t9999||||xx |||||||||||||| ||spa||
041 _aESP
082 _a288
_bP81
100 _aPoupard, Paul Card.
_eAUT
245 0 _aHacia una cultura de la verdad
300 _a
_c
650 _aGEN
654 _aCHU
942 _cLIB
_dJUS
_fJUS
_2ddc
_n
999 _c3135
_d3135